[Event "Reykjavik Open 2008"]
[Site "Reykjavik"]
[Date "2008.03.08"]
[Round "6.35"]
[White "Finnlaugsson, Gunnar"]
[Black "Kjartansson, Gudmundur"]
[Result "0-1"]
[WhiteElo "2128"]
[BlackElo "2307"]
[PlyCount "82"]
[EventDate "2008.03.03"]

1. c4 Nf6 2. Nc3 e5 3. Nf3 Nc6 4. g3 Bb4 5. Bg2 O-O 6. O-O e4 7. Ne1 Re8 8. f3
exf3 9. Nxf3 Qe7 10. e3 d6 11. Ne2 Ne5 12. Nxe5 dxe5 13. a3 Bd6 14. b4 c6 15.
Qc2 Bg4 16. Rf2 Rad8 17. Bb2 Be6 18. Re1 Ng4 19. Rff1 Qg5 20. h3 Nh6 21. Qc3
Bc7 22. Bc1 Nf5 23. e4 Nd4 24. Kh2 Nxe2 25. Rxe2 Rd4 26. d3 Qh5 27. Qc2 Red8
28. Re3 h6 29. Bb2 R4d7 30. a4 Bd6 31. Bc3 Bg4 32. c5 Be7 33. Bxe5 Qxe5 34.
hxg4 Bg5 35. Ref3 Qe6 36. Rf5 Rxd3 37. Rxf7 Qxg4 38. Rf8+ Kh7 39. R8f3 Qh5+ 40.
Kg1 Be3+ 41. Rxe3 Rxe3 0-1

[Event "Reykjavik Open 2008"]
[Site "Reykjavik"]
[Date "2008.03.08"]
[Round "6.38"]
[White "Bjornsson, Sverrir Orn"]
[Black "Thorsteinsson, Erlingur"]
[Result "1/2-1/2"]
[WhiteElo "2116"]
[BlackElo "2132"]
[PlyCount "72"]
[EventDate "2008.03.03"]

1. d4 Nf6 2. c4 d6 3. Nc3 e5 4. Nf3 exd4 5. Nxd4 g6 6. g3 Nc6 7. Bg2 Nxd4 8.
Qxd4 Bg7 9. b3 O-O 10. Bb2 Re8 11. Qd2 Nd7 12. O-O Nc5 13. Rad1 a5 14. Rfe1 Bf5
15. Nd5 Be4 16. Bxg7 Kxg7 17. Qc3+ f6 18. f3 Bxd5 19. Rxd5 Re5 20. Rd2 Re8 21.
e4 Qe7 22. f4 Kg8 23. Rde2 c6 24. Bf3 Ne6 25. Bg4 Nc5 26. Qd2 Red8 27. Kg2 Kg7
28. h4 h5 29. Bh3 Re8 30. Re3 Red8 31. Qd4 Kh7 32. R1e2 Re8 33. Re1 Red8 34.
Qd1 Kh6 35. Qf3 Ne6 36. Bxe6 Qxe6 1/2-1/2

[Event "Reykjavik Open 2008"]
[Site "Reykjavik"]
[Date "2008.03.08"]
[Round "6.41"]
[White "Kristinsson, Bjarni Jens"]
[Black "Rebers, Eugene"]
[Result "1/2-1/2"]
[WhiteElo "1822"]
[BlackElo "2297"]
[PlyCount "78"]
[EventDate "2008.03.03"]

1. e4 d6 2. d4 g6 3. Nf3 Nf6 4. Bd3 Bg7 5. O-O O-O 6. b3 c5 7. Bb2 cxd4 8. Nxd4
Nc6 9. Nd2 d5 10. exd5 Nxd4 11. Bxd4 Qxd5 12. Bb2 Bf5 13. Bxf5 Qxf5 14. Nf3
Rfd8 15. Qe2 e6 16. Rfd1 Nd5 17. Bxg7 Kxg7 18. c4 Nb4 19. Rxd8 Rxd8 20. Rd1
Rxd1+ 21. Qxd1 e5 22. Qe1 Nd3 23. Qe3 b6 24. g3 f6 25. Kg2 Qd7 26. a3 Qd6 27.
b4 a6 28. h4 h6 29. Qe4 Qd7 30. Qa8 g5 31. h5 f5 32. Qxa6 Qc6 33. c5 Ne1+ 34.
Kf1 Nxf3 35. Qxb6 Nh2+ 36. Kg1 Nf3+ 37. Kf1 Nh2+ 38. Kg1 Nf3+ 39. Kf1 Nh2+
1/2-1/2

[Event "Reykjavik Open 2008"]
[Site "Reykjavik"]
[Date "2008.03.08"]
[Round "6.42"]
[White "Ingvason, Johann"]
[Black "Sanchez Castillo, Sarai"]
[Result "1-0"]
[WhiteElo "2105"]
[BlackElo "2312"]
[PlyCount "37"]
[EventDate "2008.03.03"]

1. e4 e6 2. d4 d5 3. Nc3 Nf6 4. Bg5 Be7 5. e5 Nfd7 6. h4 a6 7. Qg4 c5 8. Bxe7
Qxe7 9. Qxg7 Rf8 10. Nf3 Nc6 11. dxc5 Qxc5 12. Bd3 Qb4 13. O-O-O b5 14. Bxh7
Nb6 15. Nd2 Nc4 16. Nb3 a5 17. Rxd5 Ba6 18. Rhd1 a4 19. Ne4 1-0

[Event "Reykjavik Open 2008"]
[Site "Reykjavik"]
[Date "2008.03.08"]
[Round "6.43"]
[White "Vigfusson, Vigfus"]
[Black "Steil-Antoni, Fiona"]
[Result "0-1"]
[WhiteElo "2052"]
[BlackElo "2122"]
[PlyCount "48"]
[EventDate "2008.03.03"]

1. e4 d6 2. d4 Nf6 3. Nc3 g6 4. f4 Bg7 5. Nf3 O-O 6. Bd3 Nc6 7. e5 dxe5 8. fxe5
Nd5 9. O-O Bg4 10. Be4 e6 11. h3 Bxf3 12. Bxf3 Nce7 13. Bg5 Qd7 14. Ne4 Nf5 15.
Qd2 h6 16. Nc5 Qb5 17. Bxd5 exd5 18. Bf6 b6 19. Nb3 Ng3 20. Rf3 Ne4 21. Qf4 Qd7
22. Nd2 Bxf6 23. Nxe4 dxe4 24. exf6 exf3 0-1

[Event "Reykjavik Open 2008"]
[Site "Reykjavik"]
[Date "2008.03.08"]
[Round "6.44"]
[White "Andersson, Christin"]
[Black "Almer, Julia"]
[Result "1-0"]
[WhiteElo "2194"]
[BlackElo "1914"]
[PlyCount "121"]
[EventDate "2008.03.03"]

1. e4 e5 2. Nf3 Nc6 3. Nc3 Nf6 4. d4 exd4 5. Nxd4 Bb4 6. Nxc6 bxc6 7. Bd3 d5 8.
exd5 cxd5 9. O-O O-O 10. Bg5 c6 11. Qf3 Be7 12. Rfe1 Be6 13. h3 Re8 14. Ne2 c5
15. Nf4 c4 16. Nxe6 fxe6 17. Bf1 Ne4 18. Bxe7 Qxe7 19. Rxe4 dxe4 20. Qxe4 c3
21. b3 Qf6 22. Bc4 Rad8 23. Bd3 g6 24. Re1 Qd4 25. Qxd4 Rxd4 26. Re3 Kf7 27.
Bc4 Rd1+ 28. Kh2 Rd2 29. Rxc3 Rxf2 30. Kg3 Rd2 31. Bd3 e5 32. Be4 Red8 33. Kf3
Rd1 34. Bd3 Rd2 35. Rc7+ Ke6 36. Rxh7 Rf8+ 37. Kg3 Rff2 38. Be4 Rfe2 39. Bf3
Re3 40. Kh4 a6 41. Ra7 Rd6 42. c4 e4 43. Bg4+ Ke5 44. c5 Rf6 45. Kg5 Rc6 46. b4
Rc3 47. Re7+ Kd4 48. Bd7 Rc7 49. Kf4 e3 50. Re4+ Kd5 51. Be6+ Kc6 52. Bb3 g5+
53. Kf3 Rc8 54. Ba4+ Kd5 55. Rxe3 Rxe3+ 56. Kxe3 Kc4 57. a3 a5 58. Bd7 Rc7 59.
c6 a4 60. g3 Kb3 61. b5 1-0

[Event "Reykjavik Open 2008"]
[Site "Reykjavik"]
[Date "2008.03.08"]
[Round "6.45"]
[White "Bjarnason, Oskar"]
[Black "Magnusson, Bjarni"]
[Result "1-0"]
[WhiteElo "2290"]
[BlackElo "1913"]
[PlyCount "97"]
[EventDate "2008.03.03"]

1. d4 Nf6 2. Nc3 g6 3. e4 d6 4. Be3 c6 5. Qd2 b5 6. Bd3 Bg7 7. Bh6 O-O 8. f3 a6
9. Nge2 c5 10. dxc5 dxc5 11. Bxg7 Kxg7 12. Nf4 Bb7 13. a4 c4 14. Be2 Qxd2+ 15.
Kxd2 Rd8+ 16. Ke3 e5 17. Nh3 b4 18. Na2 b3 19. cxb3 cxb3 20. Nc1 Nc6 21. Nxb3
Nb4 22. Rhc1 Rd6 23. Nc5 Bc6 24. Nf2 Nd7 25. Nxd7 Bxd7 26. Nd3 Nxd3 27. Bxd3
Rb6 28. Rc2 Rab8 29. a5 Rd6 30. Bc4 Bb5 31. Bd5 Bd7 32. Rb1 Be6 33. Bxe6 Rxe6
34. b4 h5 35. Rc5 f5 36. exf5 gxf5 37. b5 axb5 38. Rbxb5 Rbe8 39. Rb6 Rxb6 40.
axb6 Kf6 41. b7 Rb8 42. Rb5 h4 43. h3 Ke6 44. Kd3 Kd6 45. Kc4 Ke6 46. Rb6+ Ke7
47. Kd5 e4 48. fxe4 fxe4 49. Kxe4 1-0

[Event "Reykjavik Open 2008"]
[Site "Reykjavik"]
[Date "2008.03.09"]
[Round "7.3"]
[White "Kveinys, Aloyzas"]
[Black "Mikhalevski, Victor"]
[Result "1/2-1/2"]
[WhiteElo "2521"]
[BlackElo "2632"]
[PlyCount "93"]
[EventDate "2008.03.03"]

1. d4 Nf6 2. c4 g6 3. g3 Bg7 4. Bg2 d5 5. cxd5 Nxd5 6. Nf3 Nb6 7. Nc3 Nc6 8. e3
O-O 9. O-O Re8 10. d5 Na5 11. Nd4 Bd7 12. Rb1 c5 13. dxc6 Nxc6 14. Nxc6 bxc6
15. Qc2 Bf5 16. e4 Bg4 17. h3 Be6 18. b3 c5 19. Ne2 c4 20. Nf4 Bd7 21. bxc4 Rc8
22. Qe2 Na4 23. Bd2 e6 24. Rfc1 Bd4 25. e5 Nc5 26. Bc3 Bxc3 27. Rxc3 Qa5 28.
Rcc1 Bc6 29. h4 Bxg2 30. Kxg2 Red8 31. Rd1 Rxd1 32. Rxd1 Qc3 33. h5 Kg7 34.
hxg6 hxg6 35. Nh3 Rb8 36. Rd2 Rb1 37. Rc2 Qa1 38. Qe3 Rh1 39. Nf4 Nd7 40. Nd3
Qf1+ 41. Kf3 Rh5 42. Rc1 Rf5+ 43. Ke4 Qg2+ 44. Kd4 Rf3 45. Ne1 Rxe3 46. Nxg2
Rxe5 47. Ne3 1/2-1/2

[Event "Reykjavik Open 2008"]
[Site "Reykjavik"]
[Date "2008.03.09"]
[Round "7.4"]
[White "Halkias, Stelios"]
[Black "Lie, Kjetil A"]
[Result "1/2-1/2"]
[WhiteElo "2580"]
[BlackElo "2556"]
[PlyCount "103"]
[EventDate "2008.03.03"]

1. Nf3 c5 2. c4 g6 3. e3 Bg7 4. d4 Nf6 5. Nc3 O-O 6. Be2 cxd4 7. exd4 d5 8. O-O
dxc4 9. Bxc4 Bg4 10. Be3 Nc6 11. d5 Ne5 12. Be2 Bxf3 13. Bxf3 Nxf3+ 14. Qxf3
Ne8 15. Rfe1 Nd6 16. Bg5 Re8 17. Rad1 Rc8 18. h4 h5 19. Rd2 Qd7 20. Ne4 Nf5 21.
Qd3 b5 22. Ng3 Nxg3 23. Qxg3 a5 24. Qe3 Bf6 25. Rde2 Qxd5 26. Bxf6 exf6 27.
Qxe8+ Rxe8 28. Rxe8+ Kg7 29. b3 a4 30. bxa4 bxa4 31. a3 f5 32. R8e3 Qd4 33. Rh3
Kh6 34. Rb1 Qe4 35. Rd1 Qe2 36. Rhd3 f4 37. Rd4 f3 38. g3 Kg7 39. Rf1 Qe6 40.
Rf4 Qb3 41. Rc1 Qxa3 42. Rb1 Qa2 43. Re1 Qd2 44. Re7 Qd5 45. Re3 f6 46. Rexf3
Qc6 47. Kh2 g5 48. hxg5 fxg5 49. Rf5 Kg6 50. Rf8 h4 51. Re3 hxg3+ 52. Rxg3
1/2-1/2

[Event "Reykjavik Open 2008"]
[Site "Reykjavik"]
[Date "2008.03.09"]
[Round "7.5"]
[White "Malakhatko, Vadim"]
[Black "Galego, Luis"]
[Result "1-0"]
[WhiteElo "2600"]
[BlackElo "2529"]
[PlyCount "91"]
[EventDate "2008.03.03"]

1. d4 Nf6 2. c4 e6 3. Nf3 Bb4+ 4. Nbd2 d5 5. Qa4+ Nc6 6. e3 O-O 7. a3 Bxd2+ 8.
Bxd2 Ne4 9. Rd1 g5 10. Bc3 g4 11. Nd2 Nxc3 12. bxc3 Ne7 13. Qc2 Ng6 14. g3 c6
15. Bg2 Qe7 16. Qb2 b6 17. cxd5 cxd5 18. c4 Bb7 19. cxd5 Bxd5 20. e4 Bb7 21.
O-O Rac8 22. Rfe1 Qc7 23. Rc1 Qd7 24. Nf1 Rxc1 25. Rxc1 Rd8 26. d5 exd5 27.
exd5 Re8 28. Ne3 Ne5 29. Qd4 h5 30. Qf4 Ng6 31. Qf6 Re5 32. Be4 Rxe4 33. Nf5
Qxf5 34. Qxf5 Re5 35. Qf6 Rxd5 36. Re1 Kf8 37. Qc3 Rc5 38. Qf6 Rd5 39. h4 gxh3
40. Kh2 Rd3 41. Rc1 Rf3 42. Rc8+ Bxc8 43. Qxf3 Bg4 44. Qf6 Ke8 45. f3 Be6 46.
Qg5 1-0

[Event "Reykjavik Open 2008"]
[Site "Reykjavik"]
[Date "2008.03.09"]
[Round "7.9"]
[White "Adly, Ahmed"]
[Black "Thorfinnsson, Bragi"]
[Result "0-1"]
[WhiteElo "2551"]
[BlackElo "2406"]
[PlyCount "78"]
[EventDate "2008.03.03"]

1. Nf3 Nf6 2. g3 d5 3. Bg2 c6 4. O-O Bf5 5. b3 e6 6. Bb2 Be7 7. d3 h6 8. Nbd2
O-O 9. Nd4 Bh7 10. e4 c5 11. Ne2 dxe4 12. dxe4 Nc6 13. e5 Nd5 14. Be4 Bxe4 15.
Nxe4 Qc7 16. Nf4 Nxf4 17. gxf4 Rfd8 18. Qe2 Nd4 19. Bxd4 cxd4 20. f3 Rd5 21.
Kh1 Rc8 22. Rf2 d3 23. cxd3 Rcd8 24. Rg2 Rxd3 25. Rag1 g6 26. Nd6 Bxd6 27. Qxd3
Bxe5 28. Qe4 Bxf4 29. Rc2 Qb8 30. Rc4 Bxh2 31. Rxg6+ Kf8 32. Rg4 h5 33. f4 hxg4
34. Kxh2 Qd6 35. Kg3 Qd2 36. Qe5 Rd3+ 37. Kh4 Rh3+ 38. Kg5 Qd8+ 39. Qf6 Rh5+
0-1

[Event "Reykjavik Open 2008"]
[Site "Reykjavik"]
[Date "2008.03.09"]
[Round "7.12"]
[White "Lie, Espen"]
[Black "Nataf, Igor-Alexandre"]
[Result "1/2-1/2"]
[WhiteElo "2428"]
[BlackElo "2552"]
[PlyCount "160"]
[EventDate "2008.03.03"]

1. c4 g6 2. g3 Bg7 3. Bg2 e5 4. Nc3 d6 5. e4 Nc6 6. Nge2 h5 7. h4 Be6 8. d3 Qd7
9. Nd5 Nd8 10. d4 Nc6 11. Be3 Nh6 12. dxe5 Nxe5 13. Bd4 c6 14. Ne3 Nhg4 15.
Nxg4 hxg4 16. b3 c5 17. Bxe5 Bxe5 18. Rc1 Qd8 19. Qd2 Qf6 20. Nf4 Bxf4 21. Qxf4
Qxf4 22. gxf4 Ke7 23. f3 g3 24. h5 Kf6 25. Ke2 a5 26. a4 b5 27. f5 gxf5 28.
exf5 Bxf5 29. cxb5 Rac8 30. Rc3 d5 31. f4 d4 32. Rxg3 c4 33. bxc4 Rxc4 34. Bc6
Rxa4 35. h6 Ra2+ 36. Kf3 Rb2 37. Rg5 a4 38. h7 a3 39. Rh6+ Bg6 40. Be4 a2 41.
Rhxg6+ fxg6 42. Rxg6+ Kf7 43. Ra6 Rd8 44. Bd5+ Kg7 45. Rxa2 Rxb5 46. Be4 Rb3+
47. Kg4 Re3 48. Bf5 Re1 49. Rd2 Rf8 50. Bd3 Rh1 51. Rb2 Re1 52. Rb3 Kh8 53. Bg6
Rf1 54. Rf3 Rd1 55. Bd3 Rf7 56. f5 Rxh7 57. f6 Rg1+ 58. Kf5 Rh5+ 59. Ke6 Kg8
60. Bc4 Kf8 61. Ra3 Re1+ 62. Kd7 Rh7+ 63. Kd6 Rh6 64. Ra8+ Re8 65. Rxe8+ Kxe8
66. Ke5 Rh4 67. Kf5 Kd7 68. Ke5 Ke8 69. Kf5 Kf8 70. Ke5 Rh6 71. Kf5 Rh7 72. f7
Ke7 73. Ke4 Rh4+ 74. Ke5 Kf8 75. Kf5 Kg7 76. Ke5 Rg4 77. Kf5 Rg1 78. Ke4 Rd1
79. Bd3 Kxf7 80. Kxd4 Ke6 1/2-1/2

[Event "Reykjavik Open 2008"]
[Site "Reykjavik"]
[Date "2008.03.09"]
[Round "7.14"]
[White "Bojkov, Dejan"]
[Black "Gunnarsson, Jon Viktor"]
[Result "1/2-1/2"]
[WhiteElo "2523"]
[BlackElo "2429"]
[PlyCount "142"]
[EventDate "2008.03.03"]

1. e4 c5 2. c3 d5 3. exd5 Qxd5 4. d4 g6 5. Nf3 Bg7 6. Na3 cxd4 7. Bc4 Qe4+ 8.
Be3 Nh6 9. cxd4 O-O 10. Nb5 Nc6 11. O-O Bg4 12. Ng5 Qxe3 13. fxe3 Bxd1 14.
Raxd1 a6 15. Nc3 Rac8 16. Bb3 Na5 17. Nd5 Rce8 18. Ne4 Nxb3 19. axb3 Ng4 20.
Rfe1 e6 21. Ndc3 Rd8 22. Nc5 b6 23. Nxa6 Nxe3 24. Rxe3 Bxd4 25. Rxd4 Rxd4 26.
Kf2 Ra8 27. Nc7 Ra5 28. Ke2 Rb4 29. Kd2 Rxb3 30. Kc2 Rb4 31. Ne8 h5 32. Nd6 Kg7
33. Rf3 f5 34. Re3 e5 35. Nb7 Ra7 36. Nd8 Rg4 37. g3 f4 38. Rxe5 fxg3 39. hxg3
Rxg3 40. Ne4 Rg2+ 41. Kb3 h4 42. Ne6+ Kh6 43. Nf4 Rg4 44. Nd5 Rf7 45. Nef6 Rg3+
46. Kc4 h3 47. Re8 Rxf6 48. Nxf6 Kg7 49. Nd7 h2 50. Re7+ Kh8 51. Re8+ Kh7 52.
Re7+ Kh6 53. Nf6 Kg5 54. Ne4+ Kf4 55. Nxg3 Kxg3 56. Re1 Kf2 57. Rd1 g5 58. Rd2+
Kg3 59. Rd3+ Kh4 60. Rd8 g4 61. Rh8+ Kg3 62. Kd4 Kg2 63. Ke3 h1=Q 64. Rxh1 Kxh1
65. Kf4 Kg2 66. Kxg4 Kf2 67. Kf4 Ke2 68. Ke4 Kd2 69. Kd4 Kc2 70. Kc4 Kxb2 71.
Kb5 Kc3 1/2-1/2

[Event "Reykjavik Open 2008"]
[Site "Reykjavik"]
[Date "2008.03.09"]
[Round "7.15"]
[White "Arakhamia-Grant, Ketevan"]
[Black "Moradiabadi, Elshan"]
[Result "1-0"]
[WhiteElo "2457"]
[BlackElo "2506"]
[PlyCount "71"]
[EventDate "2008.03.03"]

1. e4 c6 2. d4 d5 3. e5 Bf5 4. Nf3 e6 5. Be2 Nd7 6. O-O h6 7. b3 Ne7 8. c4 Ng6
9. Nc3 Bb4 10. Na4 O-O 11. Ne1 dxc4 12. bxc4 c5 13. Nd3 Ba5 14. Ndxc5 Nxc5 15.
Nxc5 Bc3 16. Be3 Bxa1 17. Qxa1 b6 18. Nb7 Qd7 19. Nd6 Ne7 20. Rc1 Rab8 21. Qc3
Bg6 22. Bf3 f6 23. Bf4 fxe5 24. Bxe5 Nc6 25. Bxc6 Qxc6 26. Qg3 Kh7 27. h4 Qd7
28. Rc3 h5 29. Qg5 Qa4 30. Qe7 Rg8 31. Rg3 Qxa2 32. Kh2 Qc2 33. Qxe6 a5 34. Rg5
Rbd8 35. Nf5 Be8 36. Rxg7+ 1-0

[Event "Reykjavik Open 2008"]
[Site "Reykjavik"]
[Date "2008.03.09"]
[Round "7.16"]
[White "Danielsen, Henrik"]
[Black "Nyzhnyk, Illya"]
[Result "1/2-1/2"]
[WhiteElo "2506"]
[BlackElo "2405"]
[PlyCount "96"]
[EventDate "2008.03.03"]

1. g3 e5 2. Bg2 d5 3. d3 Nf6 4. Nf3 Bd6 5. O-O c6 6. Nc3 O-O 7. e4 Nbd7 8. Nh4
Nb6 9. h3 dxe4 10. dxe4 Qc7 11. Qf3 Be6 12. Bg5 Be7 13. Rad1 Rad8 14. b3 h6 15.
Bxf6 Bxf6 16. Nf5 Kh7 17. h4 Be7 18. Qe3 Nd5 19. exd5 Bxf5 20. Qxa7 Bb4 21. Qe3
Qa5 22. Qf3 Bxc2 23. Rc1 Bg6 24. h5 Bxh5 25. Qxh5 Bxc3 26. dxc6 bxc6 27. Bxc6
f5 28. Rc2 e4 29. Rd1 Rd3 30. Kg2 Qc5 31. Ba4 Qd5 32. Rcc1 Bd2 33. Bc6 Qd6 34.
Rc4 g6 35. Qe2 f4 36. gxf4 Bxf4 37. Rf1 e3 38. Be4 Rd2 39. Qf3 Bg5 40. Rc6 Rxf3
41. Rxd6 Rfxf2+ 42. Rxf2 Rxf2+ 43. Kg1 Bf4 44. Rxg6 Bh2+ 45. Kh1 e2 46. Bd3
e1=Q+ 47. Rg1+ Kh8 48. Rxe1 Rxa2 1/2-1/2

[Event "Reykjavik Open 2008"]
[Site "Reykjavik"]
[Date "2008.03.09"]
[Round "7.17"]
[White "Kristjansson, Stefan"]
[Black "Bjornsson, Sigurbjorn"]
[Result "1/2-1/2"]
[WhiteElo "2476"]
[BlackElo "2286"]
[PlyCount "32"]
[EventDate "2008.03.03"]

1. e4 c5 2. c3 d5 3. exd5 Qxd5 4. d4 cxd4 5. cxd4 g6 6. Nc3 Qa5 7. Qb3 Bg7 8.
Bc4 e6 9. Bd2 Nc6 10. Nf3 Nge7 11. d5 exd5 12. Nxd5 Qd8 13. Bc3 O-O 14. Bxg7
Kxg7 15. Qc3+ f6 16. Ne3 Qa5 1/2-1/2

[Event "Reykjavik Open 2008"]
[Site "Reykjavik"]
[Date "2008.03.09"]
[Round "7.18"]
[White "Hermansson, Emil"]
[Black "Paehtz, Elisabeth"]
[Result "0-1"]
[WhiteElo "2472"]
[BlackElo "2420"]
[PlyCount "128"]
[EventDate "2008.03.03"]

1. e4 e5 2. Nf3 Nc6 3. Bb5 a6 4. Ba4 Nf6 5. O-O Be7 6. Re1 b5 7. Bb3 d6 8. c3
O-O 9. h3 Nb8 10. d4 Nbd7 11. Nbd2 Bb7 12. Bc2 Re8 13. Nf1 Bf8 14. Ng3 g6 15.
b3 c6 16. Bg5 Bg7 17. Qd2 Qe7 18. Nh2 Qf8 19. Rad1 a5 20. Ng4 Nxg4 21. hxg4 d5
22. Be3 b4 23. cxb4 Qxb4 24. Qxb4 axb4 25. Bb1 exd4 26. Bxd4 Bxd4 27. Rxd4 c5
28. Rdd1 d4 29. Nf1 Ne5 30. g5 Ba6 31. Nh2 Bc8 32. f3 Ra5 33. Kf2 Rd8 34. Kg3
h5 35. gxh6 g5 36. Nf1 Rd6 37. f4 gxf4+ 38. Kxf4 c4 39. bxc4 Rf6+ 40. Kg3 Ra3+
41. Kh2 Rxh6+ 42. Kg1 Rg6 43. Nh2 Bh3 44. Rd2 Rag3 45. Ree2 Rc3 46. Rd1 Nxc4
47. e5 Rg5 48. Rxd4 Rc1+ 49. Kf2 Rxg2+ 50. Kf3 Rxe2 51. Kxe2 Rxb1 52. Rxc4 Rb2+
53. Kf3 Rxh2 54. Kg3 Be6 55. Rxb4 Rxa2 56. Kf4 Rc2 57. Rb5 Kg7 58. Kg5 Rg2+ 59.
Kh5 Rf2 60. Kg5 Rf5+ 61. Kh4 Kg6 62. Ra5 Rf4+ 63. Kg3 Kf5 64. Ra6 Re4 0-1

[Event "Reykjavik Open 2008"]
[Site "Reykjavik"]
[Date "2008.03.09"]
[Round "7.19"]
[White "Thorfinnsson, Bjorn"]
[Black "Simutowe, Amon"]
[Result "1-0"]
[WhiteElo "2364"]
[BlackElo "2457"]
[PlyCount "139"]
[EventDate "2008.03.03"]

1. d4 Nf6 2. c4 e6 3. Nf3 b6 4. g3 Ba6 5. b3 Bb4+ 6. Bd2 Be7 7. Bg2 d5 8. O-O
O-O 9. Bc3 Ne4 10. Qc2 c6 11. Nbd2 Nxc3 12. Qxc3 Nd7 13. Rac1 b5 14. cxd5 cxd5
15. b4 Rc8 16. Qa3 Qb6 17. Nb3 Bb7 18. Nc5 Rc7 19. Nxd7 Rxd7 20. Ne5 Rdd8 21.
Nd3 a5 22. Qxa5 Qxa5 23. bxa5 Rc8 24. Rxc8 Rxc8 25. Rc1 Rc4 26. e3 g5 27. Bf1
Ba6 28. Rb1 Ra4 29. Ne5 Bb4 30. Nd7 Bd2 31. Rb2 Be1 32. Nc5 Rxa5 33. a4 Bc3 34.
Rb3 bxa4 35. Rxc3 Bxf1 36. Kxf1 a3 37. Rc1 a2 38. Ra1 e5 39. Ke2 Kg7 40. Kd2
exd4 41. exd4 Kg6 42. Nb3 Ra4 43. g4 h5 44. h3 f5 45. f3 Ra8 46. Nc1 hxg4 47.
hxg4 fxg4 48. fxg4 Re8 49. Rxa2 Re4 50. Ra6+ Kf7 51. Ne2 Ke7 52. Ra3 Rxg4 53.
Rg3 Rh4 54. Rxg5 Ke6 55. Ke3 Rh3+ 56. Rg3 Rh4 57. Nc3 Rh5 58. Rg6+ Ke7 59. Ne2
Rh3+ 60. Kd2 Rh4 61. Kc3 Kd7 62. Kb4 Re4 63. Rg2 Kc6 64. Ka5 Kc7 65. Kb5 Kd6
66. Rf2 Re3 67. Rf6+ Ke7 68. Nf4 Rb3+ 69. Ka4 Ra3+ 70. Kxa3 1-0

[Event "Reykjavik Open 2008"]
[Site "Reykjavik"]
[Date "2008.03.09"]
[Round "7.20"]
[White "Tania, Sachdev"]
[Black "Grandelius, Nils"]
[Result "1-0"]
[WhiteElo "2417"]
[BlackElo "2371"]
[PlyCount "81"]
[EventDate "2008.03.03"]

1. d4 Nf6 2. c4 g6 3. Nc3 d5 4. cxd5 Nxd5 5. Bd2 Bg7 6. e4 Nb6 7. Be3 O-O 8.
Bb5 a6 9. Be2 f5 10. exf5 Bxf5 11. Qb3+ Kh8 12. Nf3 Qd6 13. O-O Nc6 14. d5 Nb4
15. Rac1 N4xd5 16. Nxd5 Qxd5 17. Rxc7 Qxb3 18. axb3 Nd5 19. Rxb7 Nxe3 20. fxe3
e5 21. Ng5 Rfb8 22. Bxa6 h6 23. Nf7+ Kh7 24. Rxb8 Rxb8 25. Bc4 Bc2 26. Nd6 Rd8
27. Nb7 Rd2 28. Nc5 h5 29. Rf7 Kh8 30. Rd7 Rxd7 31. Nxd7 Bf5 32. Nc5 Bf8 33. b4
Kg7 34. Na6 Bc8 35. b5 Kf6 36. b4 Bd6 37. Nc5 Bc7 38. Kf2 h4 39. Kf3 Kf5 40.
Bd5 Kg5 41. Be6 1-0

[Event "Reykjavik Open 2008"]
[Site "Reykjavik"]
[Date "2008.03.09"]
[Round "7.21"]
[White "Miezis, Normunds"]
[Black "Bergsson, Snorri"]
[Result "1-0"]
[WhiteElo "2553"]
[BlackElo "2333"]
[PlyCount "81"]
[EventDate "2008.03.03"]

1. c4 e6 2. e4 d5 3. exd5 exd5 4. d4 Nf6 5. Nc3 Bb4 6. Bd3 O-O 7. Nf3 dxc4 8.
Bxc4 c5 9. O-O cxd4 10. Nxd4 Bg4 11. f3 Bh5 12. Kh1 Nbd7 13. Nce2 Ne5 14. Bb3
Qb6 15. Be3 Rad8 16. Nc3 Qa5 17. Na4 Rfe8 18. Bg1 Ne4 19. a3 Bf8 20. Bc2 Nc6
21. Nxc6 bxc6 22. Qc1 Nd2 23. Rf2 Be7 24. Nc3 Nc4 25. b4 Qc7 26. Bb3 Ne5 27.
Nd5 Qd6 28. Nxe7+ Qxe7 29. Rf1 Nd3 30. Qxc6 Qh4 31. Rad1 Rc8 32. Qb5 Nf4 33.
Rd4 Qf6 34. Rxf4 Qxf4 35. Qxh5 g6 36. Qg4 Qd2 37. Qd4 Qg5 38. Qxa7 Re7 39. Qd4
Rce8 40. h4 Qh5 41. Bf2 1-0

[Event "Reykjavik Open 2008"]
[Site "Reykjavik"]
[Date "2008.03.09"]
[Round "7.23"]
[White "Perunovic, Miodrag"]
[Black "Narayanan, Srinath"]
[Result "1/2-1/2"]
[WhiteElo "2440"]
[BlackElo "2210"]
[PlyCount "62"]
[EventDate "2008.03.03"]

1. d4 Nf6 2. Nf3 g6 3. c4 Bg7 4. Nc3 O-O 5. e4 d6 6. h3 Qe8 7. Be3 e5 8. dxe5
dxe5 9. Bc5 Nbd7 10. Bxf8 Qxf8 11. Be2 Nc5 12. Qc2 c6 13. O-O Nh5 14. Ne1 Nf4
15. Nd3 Ncxd3 16. Bxd3 Qd8 17. Rfd1 Qg5 18. Bf1 Nxh3+ 19. Kh2 Qf4+ 20. g3 Qh6
21. Kg2 Ng5 22. Be2 Qh3+ 23. Kg1 Be6 24. Qd3 Bf8 25. Qe3 f6 26. c5 Bh6 27. Qd3
Rf8 28. Bf1 Qh5 29. Be2 Qh3 30. Bf1 Qh5 31. Be2 Qh3 1/2-1/2

[Event "Reykjavik Open 2008"]
[Site "Reykjavik"]
[Date "2008.03.09"]
[Round "7.24"]
[White "Jackova, Jana"]
[Black "Misiuga, Andrzej"]
[Result "1-0"]
[WhiteElo "2375"]
[BlackElo "2157"]
[PlyCount "63"]
[EventDate "2008.03.03"]

1. e4 c6 2. Nc3 d5 3. Nf3 Bg4 4. h3 Bh5 5. exd5 cxd5 6. Bb5+ Nc6 7. g4 Bg6 8.
Ne5 Qd6 9. d4 a6 10. Bxc6+ bxc6 11. Bf4 Qb4 12. Qd2 e6 13. O-O Nf6 14. h4 Qxb2
15. h5 Bb4 16. Rab1 Qxc3 17. Rxb4 Qxd2 18. Bxd2 Bxc2 19. Rc1 a5 20. Rb7 Ba4 21.
Nxf7 O-O 22. Ne5 Ne4 23. Be3 Rfb8 24. Re7 Rb2 25. h6 gxh6 26. Bxh6 Kh8 27. Rg7
Nd6 28. Rd7 Ne8 29. Rc3 c5 30. Rf3 Nf6 31. Rf7 Rb1+ 32. Kg2 1-0

[Event "Reykjavik Open 2008"]
[Site "Reykjavik"]
[Date "2008.03.09"]
[Round "7.25"]
[White "Gretarsson, Hjorvar Steinn"]
[Black "Westerinen, Heikki M J"]
[Result "1/2-1/2"]
[WhiteElo "2247"]
[BlackElo "2362"]
[PlyCount "124"]
[EventDate "2008.03.03"]

1. c4 Nf6 2. Nc3 g6 3. e4 d6 4. d4 Bg7 5. f3 O-O 6. Nge2 Nc6 7. Be3 Rb8 8. Qd2
Re8 9. Rb1 a6 10. b4 Bd7 11. b5 Na5 12. Ng3 e5 13. d5 axb5 14. cxb5 b6 15. Bd3
Ra8 16. O-O Qe7 17. Bg5 Qf8 18. Nge2 Nb7 19. g4 Nc5 20. Bc2 Ra3 21. Qd1 Rea8
22. Bc1 R3a5 23. a4 h5 24. h3 Nh7 25. Kh2 Qe7 26. Be3 hxg4 27. fxg4 Bf6 28. Qd2
Bg5 29. Ng1 Kg7 30. Bxg5 Nxg5 31. Nf3 Nxf3+ 32. Rxf3 Rh8 33. Qg2 Raa8 34. Rbf1
Raf8 35. Qf2 Kg8 36. Nd1 Qh4 37. Qxh4 Rxh4 38. Kg3 Rh7 39. h4 Ra8 40. Nc3 Kf8
41. g5 Ke7 42. Bd1 Rah8 43. h5 gxh5 44. Kh4 Bg4 45. Rg3 Bxd1 46. Rxd1 Rg8 47.
Rf1 Rg6 48. Rgf3 Nd7 49. Na2 f6 50. gxf6+ Rxf6 51. Nb4 Rxf3 52. Rxf3 Nc5 53.
Na6 Nxa6 54. bxa6 Rh8 55. a5 bxa5 56. Ra3 Kd7 57. Rxa5 Ra8 58. Kxh5 Kc8 59. Kg5
Kb8 60. Rb5+ Kc8 61. Ra5 Kb8 62. Rb5+ Kc8 1/2-1/2

[Event "Reykjavik Open 2008"]
[Site "Reykjavik"]
[Date "2008.03.09"]
[Round "7.26"]
[White "Grover, Sahaj"]
[Black "Arngrimsson, Dagur"]
[Result "1-0"]
[WhiteElo "2242"]
[BlackElo "2359"]
[PlyCount "93"]
[EventDate "2008.03.03"]

1. e4 e5 2. Nf3 Nc6 3. Bb5 a6 4. Ba4 Nf6 5. Qe2 b5 6. Bb3 Be7 7. O-O d6 8. c3
O-O 9. Rd1 Na5 10. Bc2 c5 11. d4 Qc7 12. d5 Bd7 13. Nbd2 g6 14. Nf1 Nh5 15. h3
f5 16. exf5 Bxf5 17. Bxf5 Rxf5 18. Qe4 Nf4 19. Ng3 Rff8 20. Ne2 Nxe2+ 21. Qxe2
Rf5 22. Bh6 Bf8 23. Be3 Nc4 24. Ng5 Be7 25. Ne6 Qd7 26. a4 Rb8 27. axb5 axb5
28. b4 Nb6 29. Qd2 e4 30. bxc5 Rxd5 31. Qe2 Rxd1+ 32. Rxd1 Na4 33. Qa2 Nxc3 34.
Qb3 d5 35. Qxc3 Qxe6 36. Qa5 Bf8 37. Qa7 Rc8 38. Bd4 Qc6 39. Ra1 Qc7 40. Qa6
Qc6 41. Qa7 Rc7 42. Qb8 Qb7 43. Qd8 Rf7 44. Ra8 b4 45. Qe8 b3 46. Qe5 Rg7 47.
Rb8 1-0

[Event "Reykjavik Open 2008"]
[Site "Reykjavik"]
[Date "2008.03.09"]
[Round "7.27"]
[White "Lagerman, Robert"]
[Black "Kristjansson, Atli Freyr"]
[Result "1-0"]
[WhiteElo "2348"]
[BlackElo "2019"]
[PlyCount "76"]
[EventDate "2008.03.03"]

1. e4 e5 2. Nf3 Nf6 3. Nc3 Bb4 4. Bc4 Nc6 5. O-O d6 6. h3 O-O 7. d3 Bxc3 8.
bxc3 Na5 9. Bb3 Nxb3 10. axb3 c5 11. Bg5 h6 12. Bh4 Kh8 13. Qd2 Qe7 14. Rfe1 g5
15. Nxg5 Rg8 16. Nf3 Rg6 17. d4 Bxh3 18. Bg3 Nh5 19. gxh3 Qf6 20. Nh2 Rag8 21.
Ng4 Rxg4 22. hxg4 Rxg4 23. dxe5 Qxe5 24. Qxh6+ Kg8 25. Rxa7 f6 26. Ra8+ Kf7 27.
Qf8+ Kg6 28. Qe8+ Kh6 29. Qh8+ Kg6 30. Rg8+ Kf7 31. Qh7+ Ng7 32. Qxg7+ Rxg7 33.
Rxg7+ Ke6 34. Bxe5 Kxe5 35. Re7+ Kf4 36. Kg2 b5 37. Re6 f5 38. Rf6 Kg5 1-0